10 Most Spoken Languages - Statistics

General Stats
  • This quiz has been taken 43 times
  • The average score is 8 of 10
Answer Stats
Speakers Answer % Correct
1.1 Billion English
100%
280 million French
100%
534 million Spanish
98%
234 million Portuguese
90%
274 million Arabic
88%
1.1 Billion Mandarin
88%
615 million Hindi
83%
258 million Russian
83%
265 million Bengali
35%
198 million Indonesian
33%
No matching quizzes found
Score Distribution
Percent of People with Each Score
Percentile by Number Answered
Your Score History
You have not taken this quiz